Normale Ansicht MARC-Ansicht ISBD

Sterbeanzeige / Nachruf Siegfried Fiedler. (Titelsatznr. 371664)

[ MARC ]
MARC-Details
000 -Satzkennung
Kontrollfeld mit fester Länge 00603nam a22001697a 4500
008 - Feld mit fester Länge zur physischen Beschreibung - Allgemeine Angaben
Kontrollfeld mit fester Länge 201222b ||||| |||| 00| 0 eng d
040 ## - Katalogisierungsquelle
Original-Katalogisierungsstelle DE-2950
Katalogisierungssprache ger
Übertragungsstelle DE-2950
Beschreibungsfestlegungen rda
041 ## - Sprachcode
Sprachcode des Textes/der Tonspur oder des separaten Titels ger
245 ## - Titel
Haupttitel Sterbeanzeige / Nachruf Siegfried Fiedler.
264 ## - Veröffentlichungsangabe, Vertriebsangabe, Herstellungsangabe
Erscheinungs-, Vertriebs-, Herstellungsdatum 2022
653 ## - Lokales Schlagwort
Nicht-normierter Term Fiedler, Siegfried; Leiter des Jugendfilmclubs "Olga Benario", 19.08.1935 - 18.05.2022
773 ## - Übergeordnete Einheit
Titel Märkischer Markt
Ort, Verlag und Erscheinungsjahr Frankfurt (Oder): Märkisches Verlags- und Druckhaus GmbH & Co. KG
Verknüpfungsangaben 31. Jahrgang (2022) KW 22 vom 01.06.2022, S. 9
942 ## - Zusätzliche Felder (Koha)
Koha-Medientyp Aufsätze
Exemplare
Ausgeschieden Verloren Beschädigt Nicht entleihbar Permanenter Standort Aktueller Standort Aufstellungsort Eingabedatum Anzahl Ausleihen Signatur Letzte Aktivität Preis gültig von Medientyp
        Stadtarchiv Frankfurt (Oder) | Archivbibliothek Stadtarchiv Frankfurt (Oder) | Archivbibliothek Magazin 01/06/2022   Z0 01/06/2022 01/06/2022 Aufsätze